000 02507nam0a2200385 4500
001 RU\NLR\BIBL_A\022576039
005 20260420050225.0
010 _a978-5-4263-1471-9
_9500
021 _aRU
_bКН-П-25-027894
_9КН-П-25-2766
035 _a(NLR Aleph) 022576039
090 _a13676412
_c13676412
100 _a20250630d2024 k y0rusy50 ca
101 0 _arus
102 _aRU
105 _aa z 000yy
181 0 _ai3
_baxxe
182 0 _an
200 1 _aНаучно-методические основы формирования исследовательской культуры студентов
_eмонография
_fЮ. М. Гришаева, Н. А. Лебедева, Т. И. Березина [и др.]
_gМинистерство просвещения Российской Федерации, Федеральное государственное бюджетное образовательное учреждение высшего образования "Московский педагогический государственный университет"
203 _aТекст
_bвизуальный
_cнепосредственный
210 _aМосква
_cМПГУ
_d2024
215 _a190, [1] с.
_cил., табл.
_d21
300 _aАвт. указаны на обороте тит. л.
300 _aВ конце кн. авт.: Ю. М. Гришаева, д-р пед. наук, доц., проф., Н. А. Лебедева, канд. экон. наук, доц., Т. И. Березина, д-р пед. наук, проф. [и др.]
320 _aБиблиогр.: с. 163-186 (295 назв.)
606 1 _aВысшие учебные заведения
_xНаучно-исследовательская работа студентов
_xМетодология
_92405665
_3RU\NLR\AUTH\6601653129
686 1 _aЧ481.268в
701 1 _aГришаева
_bЮ. М.
_gЮлия Михайловна
701 1 _aЛебедева
_bН. А.
_cканд. экон. наук, менеджмент, энергетика
_gНаталия Александровна
_9151095
_3RU\NLR\AUTH\770151133
701 1 _aБерезина
_bТ. И.
_gТамара Ивановна
712 0 2 _4475
_aМосковский педагогический государственный университет
_9281067
_3RU\NLR\AUTH\884751
942 _cBOOK
980 _aNB